Zmena výhľadu šťastne načasovaná, no nesúvisí s referendom

Zmena výhľadu ratingu SR zo stabilného na pozitívny. Napredovanie štruktúrnych reforiem. Jadrová inflácia je pod kontrolou. Pokračovanie reformy bankového sektora, postup reštrukturalizácie podnikovej sféry. Otázka presunu ratingu zo špekulatívneho do investičného pásma. Privatizácia bánk a zvýšenie...

Ausführliche Beschreibung

Gespeichert in:
Bibliographische Detailangaben
1. Verfasser: Suďa, Pavol
Format: Buchkapitel
Sprache:Slowakisch
Schlagworte:
Tags: Tag hinzufügen
Keine Tags, Fügen Sie das erste Tag hinzu!

MARC

LEADER 00000naa a2200000 4500
001 r039974
005 20230921110324.5
041 0 |a slo 
044 |a SK 
245 1 0 |a Zmena výhľadu šťastne načasovaná, no nesúvisí s referendom  |c Pavol Suďa 
520 |a Zmena výhľadu ratingu SR zo stabilného na pozitívny. Napredovanie štruktúrnych reforiem. Jadrová inflácia je pod kontrolou. Pokračovanie reformy bankového sektora, postup reštrukturalizácie podnikovej sféry. Otázka presunu ratingu zo špekulatívneho do investičného pásma. Privatizácia bánk a zvýšenie ratingového hodnotenia. 
610 2 0 |a rating 
610 2 0 |a reformy štruktúrne 
610 2 0 |a podnik 
610 2 0 |a reštrukturalizácia 
610 2 0 |a dlhy 
610 2 0 |a banky 
610 2 0 |a privatizácia 
610 2 0 |a Slovensko 
100 1 |a Suďa, Pavol